| 000 | 00792nam a22001815i 4500 | ||
|---|---|---|---|
| 001 | 155868 | ||
| 003 | ES-MaACL | ||
| 005 | 20230906210230.0 | ||
| 008 | 981201s1847 sp a |||| | spa d | ||
| 040 |
_aCCPB | B _bspa _cCCPB | B |
||
| 100 | 1 |
_aIgartuburu, Luis de. _9128149 |
|
| 245 | 1 | 0 |
_aManual de la provincia de Cádiz _b: trata de sus límites, su categoría, sus divisiones en lo civil, judicial, militar i eclesiástico, de su distribucion para ... / _cpor Luis de Igartuburu. |
| 260 |
_aCádiz : _bImprenta, Librería y Litografía de la Revista Médica, á cargo de Vicente Caruana, _c1847. |
||
| 300 |
_a[3] h., VI, 316 p. : _bil. ; _c18 cm. |
||
| 651 | 4 |
_aCádiz (Provincia)- _xDescripción. _9153463 |
|
| 752 |
_aEspaña - _dCádiz |
||
| 852 |
_aES-MaACL _jD-684 _z-- Enc. hol. |
||
| 999 |
_c155868 _d155868 |
||